02635pam a2200325 i 4500001001400000003000400014005001700018008004100035015001500076020003800091040003400129082001800163100007000181245007700251264007400328264001100402300005000413336002100463337002500484338002300509500005900532500001900591504003300610520146100643600006702104650005102171650003102222650001802253650003802271vtls000858990PNM20191217145045.0180828t20182018my ao e a001 0 may  aM181-03223 a9789672210160cRM40.00qpaperback aBNMbengcBNMdPNMdPPAKerda04223a297.140920 aHarussani Hj. Zakaria,cTan Sri, Dato' Seri, Dr.,d1939-eauthor.10aMemoir Harussani Zakaria :bDIA AKAN JADI MUFTI /cHarussani Hj. Zakaria 1aSintok, Kedah :bUUM Press, Penerbit Universiti Utara Malaysia,c2018 4c©2018 axii, 151 pages :bcolour photographs ;c23 cm atext2rdacontent aunmediated2rdamedia avolume2rdacarrier aContains verses from Qur'an and quotes from the Hadith aIncludes index aBibliography : pages 145-147 aTan Sri Dato’ Seri (Dr.) Hj. Harussani bin Hj. Zakaria adalah anak bongsu kepada pasangan Hj. Zakaria b. Hj. Osman dan Hjh. Zainab bt. Jalaluddin, dilahirkan kira-kira 79 tahun yang lalu di Parit Buntar, Perak. Ayah beliau merupakan seorang yang tegas dalam memberi didikan agama kepada anak-anaknya. Perjalanan menjadi Mufti beliau bermula apabila menjawat jawatan sebagai Kadi di Jabatan Agama Pulau Pinang bermula dari tahun 1967 hingga 1973, kemudiannya dilantik sebagai Kadi Besar dari 1973 hingga 1985.Kefasihan beliau dalam mengulas isu-isu agama Islam telah melayakkan beliau untuk dilantik sebagai Mufti Perak bermula 1985 hingga kini. Secara umumnya, Tan Sri Dato’ Seri (Dr.) Hj. Harussani adalah seorang yang tegas dalam pendiriannya. Ketegasan beliau dalam isu-isu yang melibatkan agama Islam ini sebenarnya bukan lagi menjadi rahsia, sama ada dalam kalangan sahabat handai, para penyokong, mahupun mereka yang tidak sependapat dengan beliau. Sejarah telah merakamkan betapa lantangnya beliau ketika bercakap tentang isu murtad, poco-poco, Majlis Perundingan Antara Agama, yoga, penggunaan kalimah Allah oleh orang-orang bukan Islam, kerajaan perpaduan (UMNO-PAS) dan demonstrasi jalanan. Buku ini bukan hanya pengkisahan memoir tetapi juga memberikan beliau satu ruang penjelasan mengenai isu-isu sensasi yang pernah beliau bangkitkan sebelum ini. Semoga karya ini dapat dijadikan rujukan dan penerangan sewajarnya kepada para pembaca. 04aHarussani Hj. Zakaria,cTan Sri, Dato' Seri,d1966-vBiography10aMuftis (Muslim officials)zMalaysiavBiography20aMuslim scholarsvBiography20aAutobiography20aGovernment publicationszMalaysia